00246nam a2200097 a 4500008004100000050001900041100002400060245002700084246002800111350000900139120416s9999 xx |||||||||||||| || u aNA 7850.G7 Bon aBoniface, Priscilla10aHotels and restaurants a1830 to the present day a0.00